Evaluación inicial de riesgos laborales por puestos de trabajo en la empresa SOYITA, ubicada en Rubenia, Managua

El presente estudio tiene como objetivo fundamental proponer medidas para la prevención de riesgos laborales en la empresa SOYITA. Este se llevó a cabo mediante la ayuda del procedimiento técnico de higiene y seguridad proporcionada por el MITRAB, para la evaluación de riesgos en el centro de tr...

Full description

Bibliographic Details
Main Authors: Alemán Nicaragua, Ivonne Valeria, Reyes Estrada, Delia Cruzcelina
Other Authors: Tutor: Salgado Escoto, Liboria del Carmen
Format: Tesis Section = Libro
Language:Undetermined
Spanish
Published: Managua UNI 2021
Subjects:
LEADER 01174nam a2200265Ia 4500
008 240830s9999 xx 000 0 und d
040 |a BIBLIOTECA-RUPAP/ Mon 363.11 A367 
041 |a spa 
082 |a Mon 363.11 A367 
100 1 |a Alemán Nicaragua, Ivonne Valeria 
100 1 |b Reyes Estrada, Delia Cruzcelina 
245 1 0 |a Evaluación inicial de riesgos laborales por puestos de trabajo en la empresa SOYITA, ubicada en Rubenia, Managua 
260 |a Managua  |b UNI  |c 2021 
300 |a 120 p. :il. 
500 |a Contiene: anexos y CD. 
502 |a Tesis (Ingeniero Industrial) - UNI, 2021. 
520 3 |a El presente estudio tiene como objetivo fundamental proponer medidas para la prevención de riesgos laborales en la empresa SOYITA. Este se llevó a cabo mediante la ayuda del procedimiento técnico de higiene y seguridad proporcionada por el MITRAB, para la evaluación de riesgos en el centro de trabajo. 
650 7 |a SEGURIDAD INDUSTRIAL 
650 7 |b  ACCIDENTES LABORALES 
650 7 |c  SEGURIDAD OCUPACIONAL 
650 7 |d  SALUD OCUPACIONAL 
700 1 |a Tutor:  |b Salgado Escoto, Liboria del Carmen 
942 |c BK  |2 ddc 
991 |a TESIS 
999 |c 19121